[Event "Sofia Hemus op 11th"]
[Site "Sofia"]
[Date "2004.08.21"]
[Round "1"]
[White "Djakov, Martin"]
[Black "Landzhev, Ivan"]
[Result "1/2-1/2"]
[WhiteElo "2085"]
[BlackElo "2120"]
[PlyCount "87"]
[EventDate "2004.08.21"]
[EventType "swiss"]
[EventRounds "5"]
[EventCountry "BUL"]
[SourceTitle "EXT 2005"]
[Source "ChessBase"]
[SourceDate "2004.11.15"]
[SourceVersion "1"]
[SourceVersionDate "2004.11.15"]
[SourceQuality "1"]

1. e4 d6 2. d4 Nf6 3. Nc3 g6 4. f4 Bg7 5. Nf3 c5 6. dxc5 Qa5 7. Bd3 Qxc5 8. Qe2 Bg4 9. Be3 Qa5 10. 0-0 0-0 11. h3 Bxf3 12. Qxf3 Nc6 13. Ne2 Nd7 14. c3 Nde5 15. fxe5 Nxe5 16. Qg3 Nxd3 17. Bd4 Nxb2 18. Bxg7 Kxg7 19. Rfb1 Na4 20. Rxb7 Qa6 21. Rb4 Qxe2 22. Rxa4 Qc2 23. Rb4 a5 24. Rd4 Rac8 25. Rd3 Rc5 26. Re1 f6 27. Ree3 Rg5 28. Qf2 Qb1+ 29. Kh2 Rb8 30. Rd5 Rb2 31. Re2 Qxe4 32. Rxe4 Rxf2 33. Rxg5 fxg5 34. Rxe7+ Rf7 35. Re6 Rc7 36. Rxd6 Rxc3 37. Rd7+ Kh6 38. Ra7 Ra3 39. g4 Rxa2+ 40. Kg3 a4 41. Kf3 Ra1 42. Kg2 a3 43. Kh2 a2 44. Kg2 1/2-1/2